| 000 | 00923cam a22002897a 4500 | ||
|---|---|---|---|
| 003 | CHAP | ||
| 005 | 20220329133924.0 | ||
| 008 | 971013s1960 r 00010 d | ||
| 010 | _a12718 | ||
| 011 | _a13690 | ||
| 035 | _a17762 | ||
| 040 | _cCHAP | ||
| 082 |
_a301.32981 _bC3 |
||
| 100 | 0 | 0 |
_aCarvalho, Alceu Vicente W. de. _919700 |
| 245 | 1 | 2 |
_aA populacao brasileira _b: estudo e interpretacao |
| 260 |
_aRio de Janeiro : _bConselho Nacional de EstatÃstica, _c1960 |
||
| 300 |
_a148 p. _b: ilus. |
||
| 590 |
_aBATCH-UPD _b10 _c20130110 _lUCH01 _h0215 |
||
| 590 |
_aBATCH-UPD _b10 _c20130110 _lUCH01 _h2244 |
||
| 590 |
_aBATCH-UPD _b10 _c20130410 _lUCH01 _h1538 |
||
| 590 |
_aBATCH-UPD _b10 _c20130914 _lUCH01 _h0854 |
||
| 590 |
_aCONVERSION _b10 _c20130109 _lUCH01 _h1308 |
||
| 650 | 1 | 4 |
_aPoblación _xBrasil. _989365 |
| 901 | _aBK | ||
| 942 | _cLIBRO | ||
| 949 |
_a301.32981 C3 _bBC _cLIBRO _d33724000291118 _eLIBRO _i17762 _mD _si |
||
| 999 |
_c12718 _d12718 |
||